El helenismo en el siglo II d.C: la cultura griega a través de la Anábasis de Arriano de Nicomedia

Uloženo v:
Podrobná bibliografie
Hlavní autor: Lagos Aburto, Leslie (autora)
Médium: Kniha
Jazyk:španělština
Vydáno: Chillán La Discusión de Chillán 2016
Vydání:1a. ed
Témata:
Tagy: Přidat tag
Žádné tagy, Buďte první, kdo vytvoří štítek k tomuto záznamu!

MARC

LEADER 00000cam a2200000 a 4500
001 UCC2636
003 CL-VaPUC
008 180316e20160000cl |||||||||||||||||spa|d
020 |a 9789562273954 
082 0 4 |a 938  |b LAG  |2 21 
100 |a Lagos Aburto, Leslie  |e autora  |9 843483 
245 1 3 |a El helenismo en el siglo II d.C: la cultura griega a través de la Anábasis de Arriano de Nicomedia 
250 |a 1a. ed 
300 |a 224 p 
942 |c BK 
945 |d 20180316 12:27:00  |a dcastane 
260 |a Chillán  |b La Discusión de Chillán  |c 2016 
650 0 |a Civilización griega  |9 265578 
650 0 |a Helenismo  |9 267485 
583 |a last modification  |c 20180316 12:27:00  |k Rodrigo Vera 
999 |c 370667  |d 370665 
952 |0 0  |1 0  |3 erb  |4 0  |6 938_000000000000000_LAG_2016  |7 0  |8 A  |9 487241  |a BIBHIS  |b BIBHIS  |i 545588K  |o 938 LAG 2016  |p 545588K  |r 2023-01-25  |w 2019-11-24  |y BK  |z Catalogado en:20180316  |k HIS